| 000 | 00499nam a2200193Ia 4500 | ||
|---|---|---|---|
| 005 | 20250508150621.0 | ||
| 008 | 008 250505s9999 xx 000 0 eng d | ||
| 037 | _aTextual | ||
| 040 |
_aFEDL _beng _cFEDL |
||
| 041 |
_aeng _2eng |
||
| 084 |
_a507, ASH _qFEDL |
||
| 100 | _aAshby Eric | ||
| 245 | 0 | _aScientist in Russia | |
| 260 |
_aNew York, USA _bPenguin Books _c1947 |
||
| 300 | _ax,251p. | ||
| 546 | _aPelican books | ||
| 942 |
_cTEXL _h507, ASH |
||
| 999 |
_c1324609 _d1324609 |
||